000 00212 a2200097 4500
001 15076
100 _aKorabiewiez Waclaw
245 _aMatto Grosso
260 _aLondon
_bJonathan Cape
_c
090 _c11831
_d11831
942 _aNUST-CAE
_cM
_c2038
999 _c250149
_d250149